The nickel boys / Colson Whitehead.
Available copies
- 1 of 1 copy available at LARL/NWRL Consortium.
- 1 of 1 copy available at Lake Agassiz Regional Library. (Show preferred library)
Current holds
0 current holds with 1 total copy.
View other formats and editions
Show Only Available Copies
| Location | Call Number / Copy Notes | Barcode | Shelving Location | Status | Due Date |
|---|---|---|---|---|---|
| Bagley Public Library | LARGE PRINT WHI (Text) | 33500013165725 | Main | Available | - |
Record details
- ISBN: 9781984892249
- ISBN: 198489224X
- Physical Description: 336 pages (large print) ; 21 cm
- Edition: First large print edition.
- Publisher: New York : Random House Large Print, [2019]
- Copyright: ©2019
Content descriptions
| Summary, etc.: | "In this bravura follow-up to the Pulitzer Prize, ... Read More |
Search for related items by subject
| Genre: | Large type books. Fiction. Historical fiction. Historical fiction. Bildungsromans. Historical fiction. |
| LDR | 04154cam a2200565Ii 4500 | ||
|---|---|---|---|
| 001 | 333839 | ||
| 003 | LARL_NWRL_CONSORTIUM | ||
| 005 | 20191121212417.0 | ||
| 008 | 190311s2019 nyu ed 000 1 eng d | ||
| 040 | . | ‡aFBR ‡beng ‡erda ‡cFBR ‡dAJP ‡dOCLCO ‡dLE@ ‡dTCH ‡dJTH ‡dINR | |
| 019 | . | ‡a1107453829 | |
| 020 | . | ‡a9781984892249 ‡q(lg. print ; ‡qpbk.) | |
| 020 | . | ‡a198489224X ‡q(lg. print ; ‡qpbk.) | |
| 035 | . | ‡a(OCoLC)1107456323 ‡z(OCoLC)1107453829 | |
| 043 | . | ‡an-us-fl ‡an-us--- | |
| 082 | 0 | 4. | ‡a813/.54 ‡223 |
| 100 | 1 | . | ‡aWhitehead, Colson, ‡d1969- ‡eauthor. ‡0(LARL_NWRL_CONSORTIUM)226103 |
| 245 | 1 | 4. | ‡aThe nickel boys / ‡cColson Whitehead. |
| 250 | . | ‡aFirst large print edition. | |
| 264 | 1. | ‡aNew York : ‡bRandom House Large Print, ‡c[2019] | |
| 264 | 4. | ‡c©2019 | |
| 300 | . | ‡a336 pages (large print) ; ‡c21 cm | |
| 336 | . | ‡atext ‡btxt ‡2rdacontent | |
| 337 | . | ‡aunmediated ‡bn ‡2rdamedia | |
| 338 | . | ‡avolume ‡bnc ‡2rdacarrier | |
| 340 | . | ‡nlarge print. ‡2rda | |
| 520 | . | ‡a"In this bravura follow-up to the Pulitzer Prize, and National Book Award-winning The Underground Railroad, Colson Whitehead brilliantly dramatizes another strand of American history through the story of two boys sentenced to a hellish reform school in Jim Crow-era Florida. As the Civil Rights movement begins to reach the black enclave of Frenchtown in segregated Tallahassee, Elwood Curtis takes the words of Dr. Martin Luther King to heart: He is "as good as anyone." Abandoned by his parents, but kept on the straight and narrow by his grandmother, Elwood is about to enroll in the local black college. But for a black boy in the Jim Crow South of the early 1960s, one innocent mistake is enough to destroy the future. Elwood is sentenced to a juvenile reformatory called the Nickel Academy, whose mission statement says it provides "physical, intellectual and moral training" so the delinquent boys in their charge can become "honorable and honest men." In reality, the Nickel Academy is a grotesque chamber of horrors where the sadistic staff beats and sexually abuses the students, corrupt officials and locals steal food and supplies, and any boy who resists is likely to disappear "out back." Stunned to find himself in such a vicious environment, Elwood tries to hold onto Dr. King's ringing assertion "Throw us in jail and we will still love you." His friend Turner thinks Elwood is worse than naive, that the world is crooked, and that the only way to survive is to scheme and avoid trouble. The tension between Elwood's ideals and Turner's skepticism leads to a decision whose repercussions will echo down the decades. Formed in the crucible of the evils Jim Crow wrought, the boys' fates will be determined by what they endured at the Nickel Academy. Based on the real story of a reform school in Florida that operated for one hundred and eleven years and warped the lives of thousands of children, The Nickel Boys is a devastating, driven narrative that showcases a great American novelist writing at the height of his powers."-- ‡cFrom publisher's description. | |
| 650 | 0. | ‡aAbuse of administrative power ‡vFiction. | |
| 650 | 0. | ‡aAfrican American boys ‡xAbuse of ‡vFiction. | |
| 650 | 0. | ‡aAfrican American teenagers ‡zUnited States ‡vFiction. | |
| 650 | 0. | ‡aReformatories ‡zFlorida ‡vFiction. | |
| 650 | 0. | ‡aAfrican Americans ‡xSegregation ‡zUnited States ‡vFiction. | |
| 650 | 0. | ‡aRacism ‡vFiction. ‡0(LARL_NWRL_CONSORTIUM)167003 | |
| 651 | 0. | ‡aFlorida ‡vFiction. ‡0(LARL_NWRL_CONSORTIUM)164960 | |
| 650 | 0. | ‡aLarge type books. ‡0(LARL_NWRL_CONSORTIUM)24284 | |
| 651 | 0. | ‡aFrenchtown (Tallahassee, Fla.) ‡vFiction. | |
| 650 | 7. | ‡aFICTION / Coming of Age. ‡2bisacsh | |
| 650 | 7. | ‡aAfrican American teenagers. ‡2fast ‡0(LARL_NWRL_CONSORTIUM)36224 | |
| 650 | 7. | ‡aAfrican Americans ‡xSegregation. ‡2fast ‡0(LARL_NWRL_CONSORTIUM)13049 | |
| 650 | 7. | ‡aReformatories. ‡2fast ‡0(LARL_NWRL_CONSORTIUM)29582 | |
| 651 | 7. | ‡aUnited States. ‡2fast ‡0(LARL_NWRL_CONSORTIUM)178480 | |
| 655 | 0. | ‡aLarge type books. | |
| 655 | 7. | ‡aFiction. ‡2fast | |
| 655 | 7. | ‡aHistorical fiction. ‡2fast | |
| 655 | 7. | ‡aHistorical fiction. ‡2gsafd | |
| 655 | 7. | ‡aBildungsromans. ‡2lcgft | |
| 655 | 7. | ‡aHistorical fiction. ‡2lcgft | |
| 905 | . | ‡uvanderl | |
| 901 | . | ‡a333839 ‡b ‡c333839 ‡tbiblio ‡soclc | |

Add to basket
Permalink
Disable Highlighting